Canzoni di Massimo Pericolo - Statistics

Statistiche generali
  • Questo quiz è stato fatto 33 volte
  • Il punteggio medio è 32 su 55
Statistiche sulle risposte
Album Anno Feat Risposta % Corretto
Scialla Semper 2019 Crookers, Nic Sarno 7 Miliardi
88%
- 2019 Crookers 7 Miliardi (Lucky Beard Party Mix)
88%
SOLO TUTTO 2021 Crookers, Madame AIRFORCE
88%
Le cose cambiano 2023 Emis Killa Moneylove
88%
Scialla Semper 2019 Crookers, Nic Sarno Amici
83%
Scialla Semper (Emodrill Repack) 2019 Crookers, Nic Sarno Miss - Emodrill version
83%
Scialla Semper 2019 Generic Animal, Palazzi D'Oriente Sabbie d'oro
83%
SOLO TUTTO 2021 Crookers STUPIDO
83%
SOLO TUTTO 2021 Crookers, J Lord TROIA
83%
Scialla Semper 2019 Crookers, Nic Sarno Scialla Semper
79%
Le cose cambiano 2023 Tedua Straniero
79%
Le cose cambiano (Deluxe) 2024 Neima Ezza, Tedua Straniero RMX
79%
Scialla Semper (Emodrill Repack) 2019 Xqz Cella senza cesso
75%
Scialla Semper (Emodrill Repack) 2019 Crookers, Nic Sarno, Xqz Totoro - Emodrill version
75%
Scialla Semper 2019 Crookers, Ugo Borghetti, Nic Sarno Ansia
71%
SOLO TUTTO 2021 Crookers, Salmo, Nic Sarno CAZZO CULO
71%
SOLO TUTTO 2021 Crookers, Goedi G
71%
Scialla Semper (Emodrill Repack) 2019 Crookers, Nic Sarno Polo Nord - [C+N Progressive Mix]
71%
Scialla Semper (Emodrill Repack) 2019 Crookers, Nic Sarno Polo Nord - Emodrill Version
71%
Scialla Semper 2019 Crookers, Nic Sarno, Gersan, Xqz Ramen Girl
71%
SOLO TUTTO 2021 Crookers, Venerus, Nic Sarno CASA NUOVA
67%
SOLO TUTTO 2021 Crookers, Nic Sanro BREBBIA 2012
63%
SOLO TUTTO 2021 - BUGIE
63%
Scialla Semper 2019 Crookers, Nic Sarno Cocco
63%
Le cose cambiano 2023 - Non Parlarmi (Outro)
63%
Le cose cambiano 2023 Speranza, Rafilù Fils De Pute
58%
Le cose cambiano 2023 - Le Cose Cambiano
58%
Le cose cambiano 2023 - Massimo Pericolo (Intro)
58%
Le cose cambiano (Deluxe) 2024 Achille Lauro Tony Montana
58%
Le cose cambiano 2023 - Totoro 2
58%
SOLO TUTTO 2021 Crookers, Goedi 100K
54%
SOLO TUTTO 2021 - BERETTA
54%
SOLO TUTTO 2021 Crookers DEBITI
54%
Scialla Semper 2019 Crookers, Nic Sarno Soldati
54%
Scialla Semper 2019 - X3
54%
Le cose cambiano 2023 - Come Aria
50%
Le cose cambiano 2023 Fight Pausa Diluvio
50%
SOLO TUTTO 2021 Crookers FUMO
50%
Le cose cambiano (Deluxe) 2024 AVA Gavirate
50%
SOLO TUTTO 2021 Crookers SAI SOLO SCOPARE!
50%
SOLO TUTTO 2021 Crookers BANG BANG
46%
Le cose cambiano 2023 - Insieme
46%
SOLO TUTTO 2021 Crookers, Nic Sanro SOLO SEX
46%
Le cose cambiano 2023 Niko Pandetta Ciao Frate
42%
Le cose cambiano 2023 Guè Di Persona
42%
Le cose cambiano 2023 Baby Gang Senza Di Me
42%
Le cose cambiano 2023 - 17 anni - skit
33%
Le cose cambiano 2023 - Ancora Qua
33%
- 2019 Speranza, Rafilù, Crookers, Nic Sarno Criminali
33%
Le cose cambiano 2023 Crookers Povero Stronzo
33%
- 2022 Guè Sarabamba
33%
Le cose cambiano (Deluxe) 2024 - Elimini
29%
Le cose cambiano (Deluxe) 2024 Crookers Mood
29%
- 2024 Sine Ivan Zucco (Red Bull 64 Bars)
21%
- 2024 - Red Bull Paga (Red Bull 64 Bars)
21%
Nessun quiz corrispondente trovato
Distribuzione punteggi
Percentuale di utenti per punteggio
Percentile per numero di risposta
I tuoi punteggi nel tempo
Non hai fatto questo quiz